| 000 | 02432nam a2200277Ia 4500 | ||
|---|---|---|---|
| 999 |
_c45484 _d45484 |
||
| 001 | 12309 | ||
| 003 | GE_BSU | ||
| 005 | 20240709124520.0 | ||
| 008 | 181216s2013||||ge |||||||||||||| ||geo|| | ||
| 040 | _cGE_BSU | ||
| 041 | _ageo | ||
| 080 | _a821.353.1-3 შ-47 | ||
| 245 |
_a შემოდგომის ლეგენდა 2011: მწვანე მარმარილოს საიდუმლო : ახალი სახეები, ახალი სახელები, შენი ხელწერა : სტუდენტური ლიტერატურული კონკურსი : 5 წლის საიუბილეო გამოცემა (2009-2013) / _cივა ფეზუაშვილი, მაგდა ბატიაშვილი, ნინო ტეფნაძე ; იდეის ავტორი ნინო კალანდია ; რედაქტორი ქეთევან გაბოშვილი. |
||
| 264 |
_aთბილისი : _bთსუ, _c2013 |
||
| 300 |
_a44 გვ. : _bილ. ; _c20 სმ. |
||
| 500 | _aივანე ჯავახიშვილის სახელობის თბილისის სახელმწიფო უნივერსიტეტისა და კომპანია "ჯეოსელის" ერთობლივი პროექტი | ||
| 520 | _aივანე ჯავახიშვილის სახ.თბილისის სახ.უნ-ტის და კომპანია ჯეოსელის ერთობლივი პროექტი.სტუდენტური ლიტ-ლი კონკურსი შემოდგომის ლეგენდა.5წ.საიუბილეო გამოც.2009-2013. | ||
| 653 | _aშემოდგომის ლეგენდა | ||
| 653 | _a პეპლის ეფექტი | ||
| 700 |
_aფეზუაშვილი, ივა _eავტორი _922780 |
||
| 700 |
_aბატიაშვილი, მაგდა _eავტორი _922781 |
||
| 700 |
_aტეფნაძე, ნინო _eავტორი _922782 |
||
| 700 |
_aკალანდია, ნინო _eიდეის ავტორი _912723 |
||
| 700 |
_a გაბოშვილი, ქეთევან _e რედაქტორი _922783 |
||
| 942 |
_cBK _2udc |
||